| Tag |
First Indicator |
Second Indicator |
Subfields |
| LEADER |
00000pam a2200000 a 4500 |
| 001 |
in00000070533 |
| 005 |
20151008061808.0 |
| 008 |
801021s1981 vaua b 00110 engm |
| 010 |
|
|
|a 80026067
|z 80260678
|
| 020 |
|
|
|a 0813907128 :
|c $37.50
|
| 035 |
|
|
|a (OCoLC)06916564
|
| 035 |
|
|
|9 AAJ8840AM
|
| 040 |
|
|
|a DLC
|c DLC
|d m.c.
|d TXA
|d UtOrBLW
|
| 043 |
|
|
|a n-us---
|
| 049 |
|
|
|a TXAM
|v 1 [1672052]
|v 2 [1672053]
|
| 050 |
0 |
0 |
|a NA106
|b .H67
|
| 082 |
0 |
|
|a 363.6/9/0973
|2 19
|
| 100 |
1 |
|
|a Hosmer, Charles Bridgham,
|d 1932-
|
| 245 |
1 |
0 |
|a Preservation comes of age :
|b from Williamsburg to the National Trust, 1926-1949 /
|c Charles B. Hosmer, Jr.
|
| 264 |
|
1 |
|a Charlottesville :
|b Published for the Preservation Press, National Trust for Historic Preservation in the United States by the University Press of Virginia,
|c 1981.
|
| 300 |
|
|
|a 2 volumes (1291 pages) :
|b illustrations ;
|c 26 cm.
|
| 336 |
|
|
|a text
|b txt
|2 rdacontent
|
| 337 |
|
|
|a unmediated
|b n
|2 rdamedia
|
| 338 |
|
|
|a volume
|b nc
|2 rdacarrier
|
| 500 |
|
|
|a Includes index.
|
| 504 |
|
|
|a Bibliography: pages 1241-1244.
|
| 650 |
|
0 |
|a Historic buildings
|z United States
|x Conservation and restoration.
|
| 650 |
|
0 |
|a Historic buildings
|z United States
|x Remodeling for other use.
|
| 650 |
|
0 |
|a Architecture
|z United States
|x Conservation and restoration
|x Business community participation.
|
| 710 |
2 |
|
|a National Trust for Historic Preservation in the United States.
|
| 999 |
|
|
|a MARS
|
| 999 |
f |
f |
|s 390dbdb4-a99b-3005-82c4-33a04f629bc0
|i 4a269931-698f-3633-9508-7bf015415f2f
|t 0
|
| 952 |
f |
f |
|p normal
|a Texas A&M University
|b College Station
|c Sterling C. Evans Library
|d Evans: Library Stacks
|t 0
|e NA106 .H67
|h Library of Congress classification
|i unmediated -- volume
|k v.1
|m A14806167124
|
| 952 |
f |
f |
|p normal
|a Texas A&M University
|b College Station
|c Sterling C. Evans Library
|d Evans: Library Stacks
|t 0
|e NA106 .H67
|h Library of Congress classification
|i unmediated -- volume
|k v.2
|m A14806167132
|
| 998 |
f |
f |
|a NA106 .H67
|s v.1-v.2
|t 0
|l Evans: Library Stacks
|